000 00432nam a2200157Ia 4500
008 220803s9999 xx 000 0 und d
041 _aeng
082 _a690 MOX/NIE
100 _aMoxley R
_927864
245 _aMitchell's Elementary Building Construction
250 _a23rd
260 _aLondon
_bB T Batsford Ltd--
_c1959
300 _a383p
650 _aBuilding Technology
_927865
700 _aMoxley R Rev. Nield D Ed.
_927866
999 _c17746
_d17746